Introducción a la micología / (Record no. 21974)

MARC details
000 -LEADER
campo de control de longitud fija 00791nam a2200229 i 4500
001 - NÚMERO DE CONTROL
campo de control 21974
003 - IDENTIFICADOR DE NÚMERO DE CONTROL
campo de control ES-MaACL
007 - CAMPO FIJO DE DESCRIPCIÓN FÍSICA--INFORMACIÓN GENERAL
campo de control de longitud fija t|
008 - DATOS DE LONGITUD FIJA--INFORMACIÓN GENERAL
campo de control de longitud fija 021128s1985 sp ||||1| spa d
020 ## - NÚMERO INTERNACIONAL ESTÁNDAR DEL LIBRO
Número Internacional Estándar del Libro 84-282-0747-X
100 1# - ENTRADA PRINCIPAL--NOMBRE DE PERSONA
Nombre de persona Alexopoulos, Constantine J.
9 (RLIN) 19791
245 10 - MENCIÓN DEL TÍTULO
Título Introducción a la micología /
Mención de responsabilidad, etc. Constantine J. Alexopoulos, Charles W. Mims ; ilustraciones Sung-Huang Sun y Raymond W. Scheetz ; traducido por Xavier Llimona Pagés.
260 ## - PUBLICACIÓN, DISTRIBUCIÓN, ETC.
Lugar de publicación, distribución, etc. Barcelona :
Nombre del editor, distribuidor, etc. Omega,
Fecha de publicación, distribución, etc. 1985.
300 ## - DESCRIPCIÓN FÍSICA
Extensión XX, 638 p. :
Otras características físicas il. ;
Dimensiones 26 cm.
500 ## - NOTA GENERAL
Nota general Indices.
504 ## - NOTA DE BIBLIOGRAFÍA, ETC.
Nota de bibliografía, etc. Bibliografía.
700 1# - ENTRADA AGREGADA--NOMBRE PERSONAL
Nombre de persona Mims, Charles W.
9 (RLIN) 81304
700 1# - ENTRADA AGREGADA--NOMBRE PERSONAL
Nombre de persona Sun, Sung-Huang.
9 (RLIN) 108779
700 1# - ENTRADA AGREGADA--NOMBRE PERSONAL
Nombre de persona Scheetz, Raymond W.
9 (RLIN) 104263
700 1# - ENTRADA AGREGADA--NOMBRE PERSONAL
Nombre de persona Llimona Pagés, Xavier.
9 (RLIN) 72781
852 ## - LOCALIZACIÓN
Ubicación ES-MaACL
Número de control de estantería L-8905
Sublocalización o colección R.110631
Holdings
Estatus retirado Estado de pérdida Estado de daño No para préstamo Biblioteca de origen Biblioteca actual Ubicación en estantería Fecha de adquisición Fuente de adquisición Total de préstamos Signatura topográfica completa Código de barras Visto por última vez Precio de reemplazo Tipo de ítem Koha
        Biblioteca del Ateneo de Madrid Biblioteca del Ateneo de Madrid Depósito 2 17/01/2008     L-8905 1022586 23/02/2023 23/02/2023 Libro impreso